<?xml version="1.0" encoding="UTF-8"?>
<record
    xmlns:xsi="http://www.w3.org/2001/XMLSchema-instance"
    xsi:schemaLocation="http://www.loc.gov/MARC21/slim http://www.loc.gov/standards/marcxml/schema/MARC21slim.xsd"
    xmlns="http://www.loc.gov/MARC21/slim">

  <leader>00981nam0a22002531  4500</leader>
  <controlfield tag="001">rc\2640743</controlfield>
  <controlfield tag="005">20250529185630.0</controlfield>
  <datafield tag="035" ind1=" " ind2=" ">
    <subfield code="a">(NLR Aleph) 006948711</subfield>
  </datafield>
  <datafield tag="090" ind1=" " ind2=" ">
    <subfield code="a">5225495</subfield>
    <subfield code="c">5225495</subfield>
  </datafield>
  <datafield tag="100" ind1=" " ind2=" ">
    <subfield code="a">20110605d1930    |||y0rusy50      ca</subfield>
  </datafield>
  <datafield tag="101" ind1="0" ind2=" ">
    <subfield code="a">rus</subfield>
  </datafield>
  <datafield tag="102" ind1=" " ind2=" ">
    <subfield code="a">RU</subfield>
  </datafield>
  <datafield tag="105" ind1=" " ind2=" ">
    <subfield code="a">a   z   |||||</subfield>
  </datafield>
  <datafield tag="200" ind1="1" ind2=" ">
    <subfield code="a">&#x41E; &#x43F;&#x430;&#x43B;&#x435;&#x430;&#x440;&#x43A;&#x442;&#x438;&#x447;&#x435;&#x441;&#x43A;&#x438;&#x445; &#x432;&#x438;&#x434;&#x430;&#x445; &#x43F;&#x43E;&#x434;&#x440;&#x43E;&#x434;&#x430; Cordulegaster Leach. (Odonata)</subfield>
    <subfield code="f">&#x410;.&#x41D;. &#x411;&#x430;&#x440;&#x442;&#x435;&#x43D;&#x435;&#x432;</subfield>
  </datafield>
  <datafield tag="210" ind1=" " ind2=" ">
    <subfield code="a">&#x412;&#x43B;&#x430;&#x434;&#x438;&#x43A;&#x430;&#x432;&#x43A;&#x430;&#x437;</subfield>
    <subfield code="c">&#x411;. &#x438;.</subfield>
    <subfield code="d">1930</subfield>
  </datafield>
  <datafield tag="215" ind1=" " ind2=" ">
    <subfield code="a">32 &#x441;.</subfield>
    <subfield code="c">&#x438;&#x43B;.</subfield>
    <subfield code="d">29 &#x441;&#x43C;</subfield>
  </datafield>
  <datafield tag="300" ind1=" " ind2=" ">
    <subfield code="a">&#x420;&#x435;&#x437;. &#x43D;&#x430; &#x43D;&#x435;&#x43C;. &#x44F;&#x437;.</subfield>
  </datafield>
  <datafield tag="300" ind1=" " ind2=" ">
    <subfield code="a">"&#x420;&#x430;&#x431;&#x43E;&#x442;&#x44B; &#x421;&#x435;&#x432;&#x435;&#x440;&#x43E;-&#x41A;&#x430;&#x432;. &#x433;&#x438;&#x434;&#x440;&#x43E;&#x431;&#x438;&#x43E;&#x43B;. &#x441;&#x442;&#x430;&#x43D;&#x446;&#x438;&#x438; &#x43F;&#x440;&#x438; &#x413;&#x43E;&#x440;&#x441;&#x43A;&#x43E;&#x43C; &#x441;.-&#x445;. &#x438;&#x43D;-&#x442;&#x435;. &#x442;. 3. &#x432;&#x44B;&#x43F;. 1-3. &#x41F;&#x43E;&#x434; &#x440;&#x435;&#x434;. &#x414;.&#x410;. &#x422;&#x43E;&#x440;&#x43D;&#x43E;&#x433;&#x440;&#x430;&#x434;&#x441;&#x43A;&#x43E;&#x433;&#x43E;. &#x41E;&#x442;&#x434;. &#x43E;&#x442;&#x442;."</subfield>
  </datafield>
  <datafield tag="700" ind1=" " ind2="1">
    <subfield code="a">&#x411;&#x430;&#x440;&#x442;&#x435;&#x43D;&#x435;&#x432;</subfield>
    <subfield code="b">&#x410;.&#x41D;.</subfield>
    <subfield code="f">1882-</subfield>
    <subfield code="g">&#x410;&#x43B;&#x435;&#x43A;&#x441;&#x430;&#x43D;&#x434;&#x440; &#x41D;&#x438;&#x43A;&#x43E;&#x43B;&#x430;&#x435;&#x432;&#x438;&#x447;</subfield>
  </datafield>
  <datafield tag="801" ind1=" " ind2="0">
    <subfield code="a">RU</subfield>
    <subfield code="b">NLR</subfield>
    <subfield code="g">psbo</subfield>
  </datafield>
  <datafield tag="801" ind1=" " ind2="1">
    <subfield code="a">RU</subfield>
    <subfield code="b">ELAR</subfield>
    <subfield code="2">rusmarc</subfield>
  </datafield>
  <datafield tag="852" ind1=" " ind2=" ">
    <subfield code="a">NLR</subfield>
    <subfield code="j">57-8/169</subfield>
  </datafield>
  <datafield tag="942" ind1=" " ind2=" ">
    <subfield code="c">BOOK</subfield>
  </datafield>
  <datafield tag="980" ind1=" " ind2=" ">
    <subfield code="a">NB</subfield>
  </datafield>
  <datafield tag="995" ind1=" " ind2=" ">
    <subfield code="5">2013-10-26</subfield>
    <subfield code="b">NLR01</subfield>
    <subfield code="c">NLR01</subfield>
    <subfield code="e">RF31</subfield>
    <subfield code="f">6948711-10</subfield>
    <subfield code="k">57-8/169</subfield>
    <subfield code="o">0</subfield>
    <subfield code="r">BOOK</subfield>
    <subfield code="s">578169_</subfield>
  </datafield>
</record>
